Co dal Masaryk armádě a brannosti národa

Guardado en:
Detalles Bibliográficos
Autor principal: Bláha, Silvestr
Formato: Libro
Lenguaje:checo
Publicado: Praha Naše vojsko 1990
Edición:2. vyd., (v Našem vojsku 1.).
Etiquetas: Agregar Etiqueta
Sin Etiquetas, Sea el primero en etiquetar este registro!

MARC

LEADER 00000nam a2200000 4500
001 c036955
005 20221206122916.0
041 0 |a cze 
044 |a CZ 
245 1 0 |a Co dal Masaryk armádě a brannosti národa  |c Silvestr Bláha 
250 |a 2. vyd., (v Našem vojsku 1.). 
264 1 |a Praha  |b Naše vojsko  |c 1990 
300 |a 61 s. 
100 1 |a Bláha, Silvestr